000 01308cam a2200265 4500
001 WS119503
008 020830n 000 0 eng u
035 _a(Sirsi) u119503
110 _aTechnology and Construction Solicitors Association
_94343
245 _aTechnology and Construction Solicitors Association
520 _aWeb site for this organisation which represents solicitors involved in litigation in the Technology and Construction Court which involves construction, engineering technology and IT disputes. Includes details of their mediation rules, a model mediation agreement and their ADR protocol.
650 _aORGANISATION
650 _aSOLICITORS
650 _aMANAGEMENT-DISPUTE AVOIDANCE, MANAGEMENT AND RESOLUTION-DISPUTE MANAGEMENT AND RESOLUTION-ARBITRATION
650 _aALTERNATIVE DISPUTE RESOLUTION
650 _aALTERNATIVE DISPUTE RESOLUTION
650 _aMANAGEMENT-DISPUTE AVOIDANCE, MANAGEMENT AND RESOLUTION-DISPUTE MANAGEMENT AND RESOLUTION-ALTERNATIVE DISPUTE RESOLUTION-ADJUDICATION
650 _aMEDIATION
650 _aEXPERTS
650 _aTECHNOLOGY AND CONSTRUCTION COURT
650 _aMODEL AGREEMENT
690 _aDispute resolution
_96236
856 4 0 _uhttps://www.tecsa.org.uk
_zView the website free of charge at www.tecsa.org.uk...
942 _n0
999 _c120192
_d120192